| 000 | 00821nam a2200253 a 4500 | ||
|---|---|---|---|
| 001 | 36613 | ||
| 003 | BD-RjUL | ||
| 005 | 20211209052517.0 | ||
| 008 | 140804s1999 njua be 001 0 eng | ||
| 020 | _a0896035425 | ||
| 035 | _a(BD-RjUL)36714 | ||
| 040 |
_aDLC _cDLC _dDLC _dBD-RjUL _beng |
||
| 041 | _aeng | ||
| 082 | 0 | 0 |
_a615.32 _221 _bROM 1999 |
| 100 | 1 |
_aRoss, Ivan A. _9111601 |
|
| 245 | 1 | 0 |
_aMedicinal plants of the world : _bchemical constituents, traditional, and modern medicinal uses / _cby Ivan A. Ross. |
| 260 |
_aTotowa, N.J. : _bHumana Press, _cc1999 |
||
| 300 |
_axi, 415 p. : _bill. (some col.) ; _c26 cm. |
||
| 504 | _aIncludes bibliographical references and indexes. | ||
| 650 | 0 |
_aMedicinal plants _vEncyclopedias. _9111602 |
|
| 942 |
_2ddc _cBK |
||
| 999 |
_c36613 _d36613 |
||